[Event "IECG C3.2001.0.00176"]
[Site "IECG email"]
[Date "2001.02.11"]
[Round "?"]
[White "Lizarraga, Ignacio"]
[Black "Blocker, Raymond"]
[Result "1-0"]
[WhiteElo "1117"]
[BlackElo "1300"]
[PlyCount "61"]
[EventDate "2001.02.11"]
[EventType "tourn (corr)"]
[EventRounds "6"]
[SourceTitle "Corr 2008"]
[Source "ChessBase"]
[SourceDate "2008.06.24"]
[SourceVersion "1"]
[SourceVersionDate "2008.06.24"]
[SourceQuality "1"]

1. e4 c5 2. Nf3 Nc6 3. d4 cxd4 4. Nxd4 Nf6 5. Nc3 e5 6. Ndb5 d6 7. Bg5 a6 8. Na3 Be7 9. Nc4 0-0 10. Bxf6 Bxf6 11. Qxd6 Qxd6 12. Nxd6 Rd8 13. 0-0-0 b5 14. h4 Be7 15. Nxc8 Raxc8 16. Rxd8+ Rxd8 17. a4 a5 18. axb5 Nd4 19. Nd5 Bc5 20. Nc3 Bb4 21. Na4 Ne6 22. c3 Be7 23. Bc4 Rb8 24. Bxe6 fxe6 25. c4 Kf8 26. g3 Rd8 27. Rd1 Rc8 28. Nb6 Rc7 29. Rd7 Rc5 30. Ra7 Bd8 31. Nd7+ 1-0